000 01039cam a22002651i 4500
003 SA-RiAUC
005 20251020070528.0
008 251002s2004 le g 00000 ara c
040 _aJU
_bara
_cSA-RiAUC
_erda
082 0 4 _a228
_qSA-RiAUC
090 _a228
_bم ا ا
245 0 0 _aما اتصل إلينا من فوائد أبي أحمد الحاكم /
_cتحقيق أحمد بن فارس السلوم.
250 _aالطبعة الأولى.
264 1 _aبيروت :
_bدار ابن حزم،
_c2004
300 _a165صفحة ؛
_c24 سم
336 _aنص
_btxt
_2rdacontent
_3كتاب
337 _aبدون وسيط
_bn
_2rdamedia
338 _aمجلد
_bnc
_2rdacarrier
600 1 7 _aأبو عبيد، القاسم بن سلام الهروي،
_d157-224 هجري
_xمساهمات في القراءات
_2aucnm
630 2 7 _aالقرآن
_xقراءات
_2aucut
700 1 _aالسلوم، أحمد بن فارس
_eمحقق.
730 2 2 _aالقرآن
942 _2ddc
_cBOOK
_n0
949 _aSA-JeALM
_d251002
_umohamedma123
_n1
999 _c12635
_d12635